[Event "4NCL Division 3 Central"]
[Site "Leamington Spa, ENG"]
[Date "2021.11.20"]
[Round "1.23"]
[White "Gogia, Armaan"]
[Black "Trevelyan, John"]
[Result "1/2-1/2"]
[WhiteElo "1899"]
[BlackElo "1984"]
[PlyCount "52"]
[EventDate "2021.11.20"]
[WhiteTeam "Ashfield 1"]
[BlackTeam "Rhyfelwyr Essyllwg"]

1. e4 d6 2. d4 Nf6 3. Nc3 e5 4. Nf3 Nbd7 5. Bc4 Be7 6. O-O O-O 7. Re1 c6 8. a4
h6 9. h3 Nh7 10. Ne2 Ng5 11. Nxg5 Bxg5 12. Bxg5 Qxg5 13. Ra3 Nf6 14. Ng3 h5 15.
Rf3 h4 16. dxe5 dxe5 17. Nf5 Nh5 18. Qd6 Nf4 19. g4 g6 20. Qxe5 Nxh3+ 21. Rxh3
Bxf5 22. exf5 Qxg4+ 23. Kh2 Qxc4 24. Re4 Qxc2 25. Rexh4 Qxf2+ 26. Kh1 Qf1+
1/2-1/2

[Event "4NCL Division 3 Central"]
[Site "Leamington Spa, ENG"]
[Date "2021.11.20"]
[Round "1.24"]
[White "Heaven, Pete"]
[Black "Truman, Richard G"]
[Result "1/2-1/2"]
[WhiteElo "1979"]
[BlackElo "1895"]
[PlyCount "110"]
[EventDate "2021.11.20"]
[WhiteTeam "Rhyfelwyr Essyllwg"]
[BlackTeam "Ashfield 1"]

1. e4 c5 2. Nf3 e6 3. d4 cxd4 4. Nxd4 Nc6 5. Nc3 Qc7 6. Be3 a6 7. Be2 Nf6 8.
O-O b5 9. a3 Ne5 10. f4 Nc4 11. Bxc4 Qxc4 12. e5 Nd5 13. Nxd5 Qxd5 14. Qe2 Bb7
15. Rad1 Rc8 16. f5 Qxe5 17. fxe6 dxe6 18. Qf2 Qc7 19. Bf4 Qe7 20. Bg5 Qc7 21.
Bf4 Qe7 22. Bd6 Qf6 23. Qe2 Qg6 24. Bxf8 Rxf8 25. Nf5 Bxg2 26. Nd6+ Kd7 27.
Nxc8+ Bd5+ 28. Kf2 Qg2+ 29. Ke1 Qxe2+ 30. Kxe2 Kxc8 31. Ke3 Kc7 32. b3 f6 33.
Kd4 g5 34. Kc5 Kb7 35. c4 bxc4 36. bxc4 Rc8+ 37. Kd6 Rc6+ 38. Ke7 Rxc4 39. Rxf6
Rh4 40. Kd6 Kb6 41. Rf2 Ka5 42. Rd3 h5 43. Rc3 Rf4 44. Rb2 g4 45. Kc5 Rf3 46.
Rbc2 h4 47. Kd4 g3 48. Rxf3 Bxf3 49. hxg3 hxg3 50. Ke3 g2 51. Kf2 Bd5 52. Rc3
Ka4 53. Kg1 a5 54. Kf2 Bb3 55. Rc5 Bd5 1/2-1/2

[Event "4NCL Division 3 Central"]
[Site "Leamington Spa, ENG"]
[Date "2021.11.20"]
[Round "1.25"]
[White "Combie, Alex B"]
[Black "Hatchett, Paul"]
[Result "0-1"]
[WhiteElo "1887"]
[BlackElo "1980"]
[PlyCount "116"]
[EventDate "2021.11.20"]
[WhiteTeam "Ashfield 1"]
[BlackTeam "Rhyfelwyr Essyllwg"]

1. d4 g6 2. c4 Nf6 3. Nc3 Bg7 4. e4 d6 5. Nf3 O-O 6. Be2 Nbd7 7. Be3 c6 8. O-O
e5 9. d5 cxd5 10. cxd5 Ng4 11. Bd2 f5 12. exf5 gxf5 13. Ng5 Nc5 14. b4 h6 15.
bxc5 hxg5 16. Bxg4 fxg4 17. cxd6 Qxd6 18. Bxg5 Qg6 19. Be7 Rf3 20. Ne2 Rd3 21.
Qc2 Bf5 22. Qc7 Qa6 23. Ng3 Rc8 24. Qd6 Qxd6 25. Bxd6 Bg6 26. Rad1 Rd8 27. Rxd3
Bxd3 28. Rd1 Bc4 29. Bc5 b6 30. Be3 Rxd5 31. Rxd5 Bxd5 32. a4 Bb3 33. a5 bxa5
34. Bxa7 a4 35. Bc5 Bf8 36. Bxf8 Kxf8 37. Ne2 Ke7 38. Nc1 Bc4 39. f3 gxf3 40.
gxf3 a3 41. Kf2 a2 42. Nxa2 Bxa2 43. Kg3 Kf6 44. f4 e4 45. Kf2 Kf5 46. Kg3 Bf7
47. Kh4 Kxf4 48. h3 Kf3 49. Kg5 e3 50. h4 e2 51. h5 Bxh5 52. Kxh5 e1=Q 53. Kg5
Qe4 54. Kh5 Qg4+ 55. Kh6 Kf4 56. Kh7 Kf5 57. Kh8 Kf6 58. Kh7 Qg7# 0-1

[Event "4NCL Division 3 Central"]
[Site "Leamington Spa, ENG"]
[Date "2021.11.20"]
[Round "1.26"]
[White "Van Kemenade, Rudy"]
[Black "Garnett, John S"]
[Result "1/2-1/2"]
[WhiteElo "1927"]
[BlackElo "1831"]
[PlyCount "124"]
[EventDate "2021.11.20"]
[WhiteTeam "Rhyfelwyr Essyllwg"]
[BlackTeam "Ashfield 1"]

1. f4 g6 2. Nf3 Bg7 3. g3 Nf6 4. d3 d5 5. Bg2 O-O 6. O-O c5 7. Qe1 Nc6 8. c3 b6
9. h3 Bb7 10. e4 dxe4 11. dxe4 e6 12. e5 Nd5 13. Ng5 Qc7 14. Na3 Ba6 15. Rf2
Rad8 16. g4 b5 17. Bf1 Qb6 18. c4 bxc4 19. Nxc4 Bxc4 20. Bxc4 Ndb4 21. Be3 Nd3
22. Bxd3 Rxd3 23. Ne4 Nd4 24. Rc1 Rc8 25. Nd6 Rc6 26. Nc4 Qb4 27. Qf1 Rxe3 28.
Nxe3 Bf8 29. Nc2 Qxb2 30. Nxd4 Qxd4 31. Qc4 Qe3 32. Kg2 Rb6 33. Re2 Qa3 34. Rc3
Qa5 35. Rb3 Rb4 36. Rxb4 cxb4 37. f5 gxf5 38. gxf5 exf5 39. e6 Qd8 40. exf7+
Kg7 41. Kf1 Qd1+ 42. Kf2 Qh1 43. Qd4+ Kxf7 44. Qd7+ Kg8 45. Qe6+ Kg7 46. Qxf5
Qh2+ 47. Kf3 Qd6 48. Re6 Qd1+ 49. Kg3 b3 50. axb3 Qxb3+ 51. Kh4 Qb4+ 52. Re4
Qd6 53. Rg4+ Kh8 54. Rf4 Be7+ 55. Kh5 Qd1+ 56. Rf3 Qe2 57. Kh6 Qa6+ 58. Kh5 Qe2
59. Qf7 Qe5+ 60. Rf5 Qe2+ 61. Rf3 Qe5+ 62. Qf5 Qe2 1/2-1/2

[Event "4NCL Division 3 Central"]
[Site "Leamington Spa, ENG"]
[Date "2021.11.20"]
[Round "1.31"]
[White "Burrows, Martin P"]
[Black "Shearsby, Jude"]
[Result "1/2-1/2"]
[WhiteElo "2125"]
[BlackElo "1980"]
[PlyCount "64"]
[EventDate "2021.11.20"]
[WhiteTeam "The Rookies"]
[BlackTeam "Warwickshire Select 2"]

1. e4 c5 2. Nf3 d6 3. d4 cxd4 4. Nxd4 Nf6 5. Nc3 a6 6. h3 e5 7. Nde2 Be7 8. g4
Be6 9. Bg2 Nc6 10. Be3 b5 11. Ng3 Rc8 12. a4 b4 13. Nd5 Bxd5 14. exd5 Na5 15.
b3 Qc7 16. Rc1 O-O 17. O-O Bd8 18. Qd3 Qb7 19. Nf5 Ne8 20. Rfd1 Rc3 21. Qe2 Qc8
22. Bf1 g6 23. Ng3 f5 24. Bh6 Ng7 25. gxf5 Nxf5 26. Bxf8 Nxg3 27. fxg3 Bb6+ 28.
Kh2 Qxf8 29. Bg2 Bf2 30. Qxa6 Rxg3 31. Qf1 Qf7 32. Kh1 Be3 1/2-1/2

[Event "4NCL Division 3 Central"]
[Site "Leamington Spa, ENG"]
[Date "2021.11.20"]
[Round "1.32"]
[White "Sandhu, Manvith"]
[Black "Okhai, Shabir"]
[Result "0-1"]
[WhiteElo "1910"]
[BlackElo "2118"]
[PlyCount "100"]
[EventDate "2021.11.20"]
[WhiteTeam "Warwickshire Select 2"]
[BlackTeam "The Rookies"]

1. e4 e5 2. Nf3 Nc6 3. Bb5 a6 4. Ba4 Nf6 5. d3 d6 6. c3 g6 7. O-O Bg7 8. Re1
O-O 9. Bg5 h6 10. Be3 Ng4 11. Bc1 f5 12. h3 fxe4 13. dxe4 Nf6 14. Nbd2 Nh5 15.
Nf1 Qf6 16. N1h2 Kh7 17. Bb3 Nd8 18. Be3 Nf4 19. Bxf4 Qxf4 20. Qd2 Ne6 21. Rad1
Nc5 22. Bc2 Be6 23. b3 a5 24. Bb1 a4 25. b4 Nd7 26. a3 Nb6 27. Ba2 Qf7 28. Bxe6
Qxe6 29. Nf1 Rxf3 30. gxf3 Qxh3 31. Qe2 Rf8 32. Nd2 Rf4 33. Qf1 Qe6 34. Re3 h5
35. Rd3 Bh6 36. Qg2 Qa2 37. Nb1 Nc4 38. Qh3 Nb2 39. R3d2 Rf7 40. Re2 Qb3 41.
Rf1 Nd3 42. Qc8 Nc1 43. Ree1 Qxb1 44. Qxb7 Qc2 45. Kg2 Qxc3 46. Kg1 Qxf3 47.
Rxc1 Qg4+ 48. Kh1 Qh4+ 49. Kg1 Bxc1 50. Rxc1 Qg5+ 0-1

[Event "4NCL Division 3 Central"]
[Site "Leamington Spa, ENG"]
[Date "2021.11.20"]
[Round "1.33"]
[White "Compton, Alistair"]
[Black "Dicen, Imogen"]
[Result "1-0"]
[WhiteElo "2046"]
[BlackElo "1890"]
[PlyCount "95"]
[EventDate "2021.11.20"]
[WhiteTeam "The Rookies"]
[BlackTeam "Warwickshire Select 2"]

1. e4 c5 2. f4 d6 3. Nf3 Nc6 4. Bb5 g6 5. O-O Bg7 6. d3 Nf6 7. Qe1 O-O 8. Qh4
Nd4 9. Nxd4 cxd4 10. Nd2 a6 11. Ba4 b5 12. Bb3 Bd7 13. e5 dxe5 14. fxe5 Ng4 15.
e6 Ne3 16. exd7 Nxf1 17. Nxf1 Qxd7 18. Bg5 e6 19. Bf6 Rac8 20. Nd2 e5 21. Ne4
Rc6 22. Rf1 h6 23. Qg3 Kh7 24. Qxe5 Re8 25. Bxg7 Rxe5 26. Bxe5 f5 27. Nf6+ Rxf6
28. Bxf6 g5 29. Re1 Kg6 30. Re7 Qc8 31. Bxd4 Qb8 32. Bf7+ Kh7 33. Bh5+ Kg8 34.
Re8+ Qxe8 35. Bxe8 b4 36. c4 a5 37. c5 Kf8 38. Bd7 f4 39. Be5 Ke7 40. c6 a4 41.
Bf5 b3 42. axb3 a3 43. bxa3 f3 44. c7 g4 45. c8=Q h5 46. Qd7+ Kf8 47. Bh7 h4
48. Bg7# 1-0

[Event "4NCL Division 3 Central"]
[Site "Leamington Spa, ENG"]
[Date "2021.11.20"]
[Round "1.34"]
[White "Ingram, Keith R"]
[Black "Jaszkiwskyj, Peter"]
[Result "1-0"]
[WhiteElo "1867"]
[BlackElo "1919"]
[PlyCount "107"]
[EventDate "2021.11.20"]
[WhiteTeam "Warwickshire Select 2"]
[BlackTeam "The Rookies"]

1. e4 e6 2. d4 d5 3. Nc3 Bb4 4. e5 Ne7 5. a3 Bxc3+ 6. bxc3 c5 7. f4 Nbc6 8. Nf3
Qa5 9. Qd2 h5 10. dxc5 Qxc5 11. a4 Qa5 12. Bd3 Bd7 13. Ba3 Rc8 14. O-O Nd8 15.
Bb4 Qc7 16. a5 Ndc6 17. Nd4 Nxb4 18. cxb4 a6 19. Ra3 g6 20. Ne2 O-O 21. Qe1 Bb5
22. Bxb5 axb5 23. Rc3 Qd7 24. Nd4 Rxc3 25. Qxc3 Rc8 26. Qd2 Nc6 27. Nf3 Qc7 28.
c3 Ne7 29. Rc1 Qc4 30. Nd4 Nc6 31. Ne2 Kg7 32. g3 Qe4 33. Kf2 Qc4 34. Ra1 Ra8
35. Qe3 Ra6 36. Rc1 Kf8 37. Rg1 Ke7 38. g4 d4 39. Nxd4 Nxd4 40. Qxd4 Qxd4+ 41.
cxd4 hxg4 42. Rc1 Kd7 43. Rc5 Rc6 44. Rxb5 Kc7 45. Kg3 Rc3+ 46. Kxg4 Rd3 47.
Rc5+ Kd7 48. Rc4 Rd2 49. h3 Rg2+ 50. Kf3 Rb2 51. Kg3 Rb1 52. Kh4 Rg1 53. b5 Rd1
54. b6 1-0

[Event "4NCL Division 3 Central"]
[Site "Leamington Spa, ENG"]
[Date "2021.11.20"]
[Round "1.35"]
[White "Gibson, Christopher A"]
[Black "Pal, Rohan"]
[Result "0-1"]
[WhiteElo "1877"]
[BlackElo "1853"]
[PlyCount "122"]
[EventDate "2021.11.20"]
[WhiteTeam "The Rookies"]
[BlackTeam "Warwickshire Select 2"]

1. e4 c5 2. c3 d5 3. exd5 Qxd5 4. d4 Nc6 5. Nf3 Nf6 6. Na3 e6 7. Nb5 Qd7 8.
dxc5 Bxc5 9. Qxd7+ Kxd7 10. Bf4 Nd5 11. Rd1 Ke7 12. Bg3 a6 13. Nc7 Nxc7 14.
Bxc7 b5 15. Bd3 Bb7 16. Ke2 Rac8 17. Bf4 h6 18. Nd2 f5 19. Nb3 Bb6 20. f3 Rhd8
21. Rhe1 g5 22. Be3 Bxe3 23. Kxe3 Ne5 24. Nd4 Kf6 25. Bf1 Nc4+ 26. Bxc4 Rxc4
27. Nb3 Bd5 28. Nd2 Ra4 29. a3 Rh4 30. h3 a5 31. Kf2 b4 32. axb4 axb4 33. c4
Bxc4 34. Ne4+ Ke7 35. Rxd8 Kxd8 36. g3 Rxh3 37. Kg2 fxe4 38. Rxe4 Bd5 39. Rxb4
Rh5 40. Rd4 Kc7 41. Rb4 g4 42. Rxg4 Rf5 43. Rg6 Rxf3 44. Kh3 h5 45. Rh6 Rf1 46.
Kh4 Rh1+ 47. Kg5 Rh3 48. Rxh5 Rxg3+ 49. Kf4 Rg2 50. Ke3 Rxb2 51. Rh4 Rb3+ 52.
Kf2 Kd6 53. Rh5 e5 54. Rh6+ Kc5 55. Rh4 e4 56. Rh5 Kd4 57. Rh4 Rb2+ 58. Ke1 Rg2
59. Kd1 Kd3 60. Ke1 e3 61. Rh1 Re2+ 0-1

[Event "4NCL Division 3 Central"]
[Site "Leamington Spa, ENG"]
[Date "2021.11.20"]
[Round "1.36"]
[White "Dicen, Elis Denele"]
[Black "Caldwell, Nicholas J"]
[Result "1-0"]
[WhiteElo "1829"]
[BlackElo "1773"]
[PlyCount "77"]
[EventDate "2021.11.20"]
[WhiteTeam "Warwickshire Select 2"]
[BlackTeam "The Rookies"]

1. d4 Nf6 2. Bg5 e6 3. e4 Be7 4. Bd3 b6 5. Nc3 Bb7 6. Nf3 d5 7. e5 Nfd7 8. Bxe7
Qxe7 9. Qe2 a6 10. Nd1 c5 11. c3 Nc6 12. a3 O-O 13. Ne3 cxd4 14. cxd4 b5 15.
O-O Rfc8 16. Nc2 Nb6 17. Rab1 Rc7 18. Nd2 Na5 19. f4 Rac8 20. Ne3 Nbc4 21. Nf3
Nxe3 22. Qxe3 Nc4 23. Qf2 f5 24. exf6 Qxf6 25. g3 Bc6 26. Rfe1 Be8 27. Ng5 Bg6
28. Bxg6 Qxg6 29. Nxe6 Re7 30. f5 Qf6 31. Re2 Rce8 32. Rbe1 Nd6 33. g4 g6 34.
Re5 gxf5 35. gxf5 Ne4 36. Qg2+ Kf7 37. Rxd5 Rxe6 38. fxe6+ Qxe6 39. Re5 1-0

[Event "4NCL Division 3 Central"]
[Site "Leamington Spa, ENG"]
[Date "2021.11.20"]
[Round "1.41"]
[White "Pink, Joshua"]
[Black "Midhun, P U."]
[Result "0-1"]
[WhiteElo "1949"]
[BlackElo "2166"]
[PlyCount "110"]
[EventDate "2021.11.20"]
[WhiteTeam "Throw in the Tal"]
[BlackTeam "West is Best 2"]

1. e4 e5 2. Nf3 Nc6 3. Bc4 Bc5 4. c3 Nf6 5. d4 exd4 6. cxd4 Bb4+ 7. Nc3 Nxe4 8.
O-O Bxc3 9. d5 Bf6 10. Re1 Ne7 11. Rxe4 d6 12. Bg5 Bxg5 13. Nxg5 h6 14. Qe2
hxg5 15. Re1 Be6 16. dxe6 f6 17. Re3 c6 18. Rh3 Rxh3 19. gxh3 g6 20. Qf3 Qa5
21. Rd1 Qe5 22. Qb3 O-O-O 23. Bf1 Nd5 24. Bg2 Nf4 25. Qa4 Kb8 26. Qb4 Nxg2 27.
Kxg2 Qxe6 28. Re1 Qd7 29. Qe4 Rh8 30. Qe6 Kc7 31. Re3 Rf8 32. Qe4 f5 33. Qe7
Qxe7 34. Rxe7+ Kc8 35. Re6 d5 36. Rxg6 d4 37. Kf3 Re8 38. Rxg5 d3 39. Rg1 c5
40. b3 b5 41. Rc1 Re5 42. Kf4 c4 43. bxc4 Rc5 44. Ke3 bxc4 45. h4 Kd7 46. Kd2
Ke6 47. Kc3 Kd5 48. Re1 Ra5 49. f4 Ra3+ 50. Kb2 d2 51. Rd1 c3+ 52. Kxa3 Kc4 53.
h5 c2 54. Rxd2 c1=Q+ 55. Rb2 Kc3 0-1

[Event "4NCL Division 3 Central"]
[Site "Leamington Spa, ENG"]
[Date "2021.11.20"]
[Round "1.42"]
[White "Bullen, Alex"]
[Black "Riou-Durand, Lionel"]
[Result "1-0"]
[WhiteElo "2079"]
[BlackElo "1954"]
[PlyCount "59"]
[EventDate "2021.11.20"]
[WhiteTeam "West is Best 2"]
[BlackTeam "Throw in the Tal"]

1. d4 e6 2. c4 f5 3. g3 Nf6 4. Bg2 Be7 5. Nf3 d6 6. O-O O-O 7. b4 Ne4 8. Qb3
Bf6 9. Bb2 a5 10. b5 a4 11. Qc2 Qe8 12. Nfd2 d5 13. e3 c6 14. Ba3 Rf7 15. Nxe4
fxe4 16. Nc3 e5 17. cxd5 exd4 18. exd4 Bxd4 19. Rad1 Bxc3 20. Qxc3 cxd5 21.
Rxd5 Nd7 22. Rfd1 b6 23. Qd4 Qe6 24. Re5 Qxa2 25. Re8+ Nf8 26. Bxf8 Rxf8 27.
Rxf8+ Kxf8 28. Qd8+ Kf7 29. Bxe4 Bg4 30. Qxa8 1-0

[Event "4NCL Division 3 Central"]
[Site "Leamington Spa, ENG"]
[Date "2021.11.20"]
[Round "1.43"]
[White "Manickam, Saravanna Bava"]
[Black "Southcott-Moyers, Indy"]
[Result "0-1"]
[WhiteElo "1795"]
[BlackElo "2032"]
[PlyCount "71"]
[EventDate "2021.11.20"]
[WhiteTeam "Throw in the Tal"]
[BlackTeam "West is Best 2"]

1. d4 d5 2. Bf4 Nf6 3. e3 c5 4. c3 Nc6 5. Nd2 cxd4 6. exd4 Bf5 7. Ngf3 e6 8.
Bb5 Qb6 9. Qb3 Be7 10. Ne5 Rc8 11. O-O O-O 12. Bxc6 bxc6 13. Qxb6 axb6 14. a4
c5 15. Ndf3 c4 16. h3 Rfd8 17. Rfe1 Ne4 18. g4 Bg6 19. Nxg6 hxg6 20. Ne5 g5 21.
Be3 f6 22. Nf3 Ra8 23. Kg2 Kf7 24. Nd2 Nxd2 25. Bxd2 Ra6 26. b3 Rda8 27. bxc4
dxc4 28. Rab1 Bd8 29. Rb5 Rxa4 30. d5 e5 31. Be3 R8a5 32. Reb1 Rxb5 33. Rxb5
Ra5 34. Rb4 Rxd5 35. Bxb6 Bxb6 36. Rxb6 0-1

[Event "4NCL Division 3 Central"]
[Site "Leamington Spa, ENG"]
[Date "2021.11.20"]
[Round "1.44"]
[White "Freeland, Alex"]
[Black "Conway, John"]
[Result "1-0"]
[WhiteElo "1988"]
[BlackElo "1722"]
[PlyCount "111"]
[EventDate "2021.11.20"]
[WhiteTeam "West is Best 2"]
[BlackTeam "Throw in the Tal"]

1. d4 d5 2. c4 c6 3. cxd5 cxd5 4. Nc3 e6 5. Bf4 Bb4 6. e3 Ne7 7. Bd3 Nd7 8. Nf3
O-O 9. O-O Ng6 10. Bg3 Ba5 11. Rc1 Bc7 12. Bxc7 Qxc7 13. Nxd5 Qd6 14. Nc3 a6
15. Ne4 Qb8 16. Qc2 Rd8 17. Qc7 Qxc7 18. Rxc7 Nb6 19. Nc3 Nd5 20. Nxd5 exd5 21.
Rfc1 b5 22. Bxg6 hxg6 23. Ne5 Be6 24. R1c5 Kh7 25. Nxf7 Bxf7 26. Rxf7 Rdc8 27.
Rcc7 Rg8 28. h4 Rad8 29. b4 Rd6 30. g4 Re6 31. Kg2 Ree8 32. Kg3 Kh6 33. g5+ Kh7
34. Rfd7 Rd8 35. Rxd8 Rxd8 36. Rc6 Ra8 37. f3 a5 38. bxa5 Rxa5 39. Rc5 Rxa2 40.
Rxb5 Re2 41. Kf4 Rh2 42. Rxd5 Rxh4+ 43. Kg3 Rh1 44. f4 Rc1 45. Rc5 Rb1 46. Rc2
Rb8 47. Rd2 Re8 48. Kf3 Re7 49. d5 Re8 50. e4 Rf8 51. d6 Rf7 52. e5 Rf8 53. d7
Ra8 54. e6 Rb8 55. e7 Ra8 56. Rh2+ 1-0

[Event "4NCL Division 3 Central"]
[Site "Leamington Spa, ENG"]
[Date "2021.11.20"]
[Round "1.45"]
[White "Scaife, Warrick"]
[Black "Homer, Stephen J"]
[Result "0-1"]
[WhiteElo "1698"]
[BlackElo "1945"]
[PlyCount "80"]
[EventDate "2021.11.20"]
[WhiteTeam "Throw in the Tal"]
[BlackTeam "West is Best 2"]

1. e4 c5 2. Nc3 Nc6 3. g3 g6 4. Bg2 Bg7 5. Nge2 d6 6. O-O Rb8 7. a4 Bd7 8. d3
Qc8 9. Nf4 Nf6 10. Be3 O-O 11. Qc1 Ng4 12. Bd2 Re8 13. h3 Nge5 14. Kh2 c4 15.
Be3 cxd3 16. Nxd3 Nxd3 17. cxd3 Nd4 18. Ra3 b6 19. f4 Qa6 20. Qd2 Qa5 21. Qf2
Nc6 22. d4 Nb4 23. Qd2 Rbc8 24. Rb1 Qa6 25. Bf1 Qb7 26. a5 bxa5 27. Rxa5 a6 28.
Rba1 Rb8 29. d5 f5 30. Bg2 Rec8 31. h4 Qc7 32. Nd1 Qc2 33. Kg1 fxe4 34. Qxc2
Nxc2 35. Rc1 Nxe3 36. Rxc8+ Bxc8 37. Nxe3 Bd4 38. Ra3 Rxb2 39. Kh1 Re2 40. Nf1
e3 0-1

[Event "4NCL Division 3 Central"]
[Site "Leamington Spa, ENG"]
[Date "2021.11.20"]
[Round "1.46"]
[White "Jukes, Sam"]
[Black "Woolgar, Steven G"]
[Result "1-0"]
[WhiteElo "1898"]
[BlackElo "1650"]
[PlyCount "83"]
[EventDate "2021.11.20"]
[WhiteTeam "West is Best 2"]
[BlackTeam "Throw in the Tal"]

1. e4 c5 2. Nf3 d6 3. d4 cxd4 4. Qxd4 Nc6 5. Bb5 e5 6. Qd3 Nf6 7. Bg5 Be7 8.
Bxf6 Bxf6 9. Nc3 O-O 10. O-O Nb4 11. Qd2 Be6 12. a3 Nc6 13. Rfd1 Nd4 14. Be2 a6
15. Nxd4 exd4 16. Nd5 Bxd5 17. exd5 Qb6 18. Qb4 Qc7 19. Rd3 Rab8 20. a4 Rfe8
21. Rda3 a5 22. Qb5 b6 23. g3 g6 24. b4 Rec8 25. Rb1 Kg7 26. Rab3 h5 27. Re1 h4
28. Kg2 Rh8 29. Qc6 Rbc8 30. bxa5 bxa5 31. Qxc7 Rxc7 32. Rb6 hxg3 33. hxg3 Rd8
34. Rc6 Ra7 35. Rb1 Bg5 36. Rbb6 Rad7 37. f4 Be7 38. Ra6 Rb7 39. Rxa5 Rb4 40.
Ra7 Re8 41. Rcc7 Kf8 42. Bb5 1-0

[Event "4NCL Division 3 Central"]
[Site "Leamington Spa, ENG"]
[Date "2021.11.20"]
[Round "1.51"]
[White "Brackmann, Hendrik"]
[Black "Flynn, David"]
[Result "1-0"]
[WhiteElo "2082"]
[BlackElo "1850"]
[PlyCount "79"]
[EventDate "2021.11.20"]
[WhiteTeam "Oxford 2"]
[BlackTeam "Ashfield 2"]

1. e4 c5 2. Nf3 Nc6 3. d4 cxd4 4. Nxd4 g6 5. c4 Bg7 6. Be3 Nf6 7. Nc3 d6 8. Be2
O-O 9. O-O Bd7 10. h3 Nxd4 11. Bxd4 Bc6 12. Qc2 a5 13. Rad1 Nd7 14. Bxg7 Kxg7
15. Bg4 a4 16. b4 axb3 17. axb3 Qa5 18. Rb1 b5 19. b4 Qb6 20. Qe2 Ne5 21. cxb5
Be8 22. Qb2 Nc4 23. Nd5+ Nxb2 24. Nxb6 Ra2 25. Be2 Na4 26. Bc4 Ra3 27. Nd5 Nc3
28. Nxc3 Rxc3 29. Rfc1 Rxc1+ 30. Rxc1 Bd7 31. b6 Rb8 32. Bd5 Rxb6 33. Rc7 Be8
34. Rxe7 Kf8 35. Rb7 Rb5 36. f4 f5 37. Rxb5 Bxb5 38. exf5 gxf5 39. Kf2 Ke7 40.
Ke3 1-0

[Event "4NCL Division 3 Central"]
[Site "Leamington Spa, ENG"]
[Date "2021.11.20"]
[Round "1.52"]
[White "Bromilow, Edward T"]
[Black "Arora, Tashika"]
[Result "1/2-1/2"]
[WhiteElo "1807"]
[BlackElo "1884"]
[PlyCount "100"]
[EventDate "2021.11.20"]
[WhiteTeam "Ashfield 2"]
[BlackTeam "Oxford 2"]

1. e4 c5 2. Nf3 d6 3. Bb5+ Bd7 4. Bxd7+ Qxd7 5. d4 cxd4 6. Nxd4 g6 7. O-O Bg7
8. c3 Nf6 9. Qe2 O-O 10. Rd1 Nc6 11. Nd2 Nxd4 12. cxd4 Qc6 13. d5 Qb6 14. Nb3
Rfc8 15. Be3 Qd8 16. Bd4 Nd7 17. Rac1 Bxd4 18. Nxd4 Qa5 19. a3 Qa4 20. Nb5 Nc5
21. Rd4 Qa6 22. Rc3 Kg7 23. h4 Na4 24. Rh3 Rc5 25. Rb4 Rac8 26. h5 f6 27. Qg4
g5 28. Qd7 Kf7 29. Rf3 Re8 30. Nc7 Rc1+ 31. Kh2 Rxc7 32. Qxc7 Nc5 33. e5 Qe2
34. exd6 Qe5+ 35. g3 Na6 36. Qc4 Nxb4 37. d7 Rd8 38. axb4 Rxd7 39. d6+ e6 40.
Qc8 Rxd6 41. Qxb7+ Kg8 42. h6 f5 43. Qb8+ Kf7 44. Rc3 Qe2 45. Rc7+ Kg6 46. Qe8+
Kxh6 47. Qf8+ Kh5 48. Qxd6 Qxf2+ 49. Kh1 Qf1+ 50. Kh2 Qf2+ 1/2-1/2

[Event "4NCL Division 3 Central"]
[Site "Leamington Spa, ENG"]
[Date "2021.11.20"]
[Round "1.53"]
[White "Hobson, Kenneth"]
[Black "Graham, Neil"]
[Result "1-0"]
[WhiteElo "1948"]
[BlackElo "1782"]
[PlyCount "107"]
[EventDate "2021.11.20"]
[WhiteTeam "Oxford 2"]
[BlackTeam "Ashfield 2"]

1. e4 e5 2. Nf3 Nf6 3. Nc3 Nc6 4. Bb5 Nd4 5. d3 Nxb5 6. Nxb5 c6 7. Nc3 d6 8. d4
exd4 9. Qxd4 Qb6 10. Qd3 Be7 11. a4 O-O 12. a5 Qc7 13. h3 Be6 14. Bf4 b5 15.
axb6 axb6 16. O-O b5 17. Rfd1 Bc4 18. Qd4 c5 19. Qe3 b4 20. Rxa8 Rxa8 21. e5
bxc3 22. exf6 Bxf6 23. Qe4 d5 24. Qxc4 dxc4 25. Bxc7 cxb2 26. Nd2 Ra7 27. Bb6
Rd7 28. Re1 h6 29. Nxc4 Rd4 30. Na3 Rd5 31. c4 Rf5 32. g4 Rf3 33. Bxc5 Rxh3 34.
Be3 h5 35. c5 Bc3 36. c6 Bxe1 37. c7 Bxf2+ 38. Kxf2 Rh2+ 39. Kg3 Rc2 40. Nxc2
b1=Q 41. c8=Q+ Kh7 42. Qf5+ Kg8 43. gxh5 Qb8+ 44. Qf4 Qxf4+ 45. Bxf4 Kh7 46.
Kg4 f6 47. Kf5 Kh8 48. Kg6 Kg8 49. Nd4 Kh8 50. h6 gxh6 51. Bxh6 Kg8 52. Nf5 Kh8
53. Bg7+ Kg8 54. Nh6# 1-0

[Event "4NCL Division 3 Central"]
[Site "Leamington Spa, ENG"]
[Date "2021.11.20"]
[Round "1.54"]
[White "Hill, Maurice J"]
[Black "Finn, Christopher"]
[Result "1/2-1/2"]
[WhiteElo "1712"]
[BlackElo "1878"]
[PlyCount "62"]
[EventDate "2021.11.20"]
[WhiteTeam "Ashfield 2"]
[BlackTeam "Oxford 2"]

1. g3 e6 2. Bg2 d5 3. c4 Nf6 4. Nf3 Be7 5. O-O b6 6. d4 Bb7 7. Qc2 O-O 8. Rd1
Qc8 9. Bf4 c5 10. dxc5 Bxc5 11. Nbd2 Nbd7 12. Rac1 dxc4 13. Nxc4 Nd5 14. Nd6
Bxd6 15. Bxd6 Qxc2 16. Rxc2 Rac8 17. Rdd2 Rxc2 18. Rxc2 Rc8 19. Rxc8+ Bxc8 20.
e4 N5f6 21. Nd4 Ne8 22. Ba3 Bb7 23. Nb5 a6 24. Nd6 Nxd6 25. Bxd6 f6 26. f3 Kf7
27. Kf2 b5 28. Ke3 Nb6 29. b3 Nc8 30. Bc5 e5 31. Bh3 Ne7 1/2-1/2

[Event "4NCL Division 3 Central"]
[Site "Leamington Spa, ENG"]
[Date "2021.11.20"]
[Round "1.55"]
[White "Wilson, Edgar"]
[Black "Thomson, James L"]
[Result "1-0"]
[WhiteElo "1964"]
[BlackElo "1720"]
[PlyCount "61"]
[EventDate "2021.11.20"]
[WhiteTeam "Oxford 2"]
[BlackTeam "Ashfield 2"]

1. e4 c6 2. Nc3 d6 3. d4 g6 4. Be3 Bg7 5. Nf3 Bg4 6. Be2 Nf6 7. O-O O-O 8. h3
Bxf3 9. Bxf3 Nbd7 10. Qd2 Re8 11. Rfd1 e5 12. d5 cxd5 13. Nxd5 Nc5 14. Nxf6+
Bxf6 15. Qxd6 Na6 16. Qxd8 Rexd8 17. Rxd8+ Bxd8 18. Rd1 b6 19. Be2 Nc7 20. Bc4
Ne6 21. Rd7 Bf6 22. c3 h5 23. Bd5 Rd8 24. Rxa7 b5 25. Rb7 Bg5 26. Bxe6 Rd1+ 27.
Kh2 Bxe3 28. Bxf7+ Kf8 29. fxe3 Re1 30. Bxg6 h4 31. Rxb5 1-0

[Event "4NCL Division 3 Central"]
[Site "Leamington Spa, ENG"]
[Date "2021.11.20"]
[Round "1.56"]
[White "Dabner, Tom"]
[Black "Manawadu, Dilhan"]
[Result "0-1"]
[WhiteElo "1676"]
[BlackElo "1938"]
[PlyCount "58"]
[EventDate "2021.11.20"]
[WhiteTeam "Ashfield 2"]
[BlackTeam "Oxford 2"]

1. e4 c5 2. d4 cxd4 3. c3 d3 4. Bxd3 Nc6 5. Nf3 d6 6. Be3 Nf6 7. h3 g6 8. Qd2
Bg7 9. Na3 O-O 10. Bh6 a6 11. Bxg7 Kxg7 12. Nc4 b5 13. Ne3 h5 14. g4 hxg4 15.
hxg4 Rh8 16. O-O-O Bxg4 17. Nxg4 Nxg4 18. Nh4 e6 19. f3 Nge5 20. Qf4 Nxd3+ 21.
Rxd3 Ne5 22. Rdd1 Qb6 23. Qg5 b4 24. cxb4 Qxb4 25. Qg2 Rac8+ 26. Kb1 Nc4 27.
Rd3 Rxh4 28. Rc1 Rb8 29. Rb3 Nd2+ 0-1

[Event "4NCL Division 3 Central"]
[Site "Leamington Spa, ENG"]
[Date "2021.11.20"]
[Round "1.61"]
[White "Chetverikov, Ivan"]
[Black "Adams, Mark"]
[Result "1/2-1/2"]
[WhiteElo "1736"]
[BlackElo "2018"]
[PlyCount "40"]
[EventDate "2021.11.20"]
[WhiteTeam "Oxford 4"]
[BlackTeam "The Full Ponty"]

1. e4 c5 2. c3 Nf6 3. e5 Nd5 4. d4 cxd4 5. cxd4 Nc6 6. Nf3 e6 7. Bc4 Nb6 8. Bb3
d5 9. Nc3 Bd7 10. Be3 Na5 11. O-O Rc8 12. Nd2 Nac4 13. Nxc4 Nxc4 14. Bxc4 Rxc4
15. f4 g6 16. Qd3 Bb4 17. Rac1 b5 18. b3 Rxc3 19. Rxc3 Bxc3 20. Qxc3 O-O
1/2-1/2

[Event "4NCL Division 3 Central"]
[Site "Leamington Spa, ENG"]
[Date "2021.11.20"]
[Round "1.62"]
[White "Fletcher, John"]
[Black "Phan, Stefanus Kf"]
[Result "1-0"]
[WhiteElo "2065"]
[BlackElo "1760"]
[PlyCount "51"]
[EventDate "2021.11.20"]
[WhiteTeam "The Full Ponty"]
[BlackTeam "Oxford 4"]

1. e4 c6 2. d4 d5 3. Nc3 dxe4 4. Nxe4 Bf5 5. Ng3 Bg6 6. f4 e6 7. Nf3 Nd7 8. Bd3
Ngf6 9. O-O Bxd3 10. Qxd3 Qc7 11. f5 O-O-O 12. fxe6 fxe6 13. Ng5 Re8 14. Bf4 e5
15. dxe5 Bc5+ 16. Kh1 Nxe5 17. Qf5+ Nfd7 18. Ne6 g6 19. Nxc7 gxf5 20. Nxe8 Rxe8
21. Rae1 Bd6 22. Nxf5 Bc7 23. Re2 b6 24. Nd4 Rg8 25. Rfe1 Rg4 26. Ne6 1-0